| 000 | 00413nam a22001457a 4500 | ||
|---|---|---|---|
| 020 | _a0-19-515046-5 | ||
| 082 |
_a624.15136 _bBRA _cN-01,P-90 |
||
| 100 |
_aDAS, Braja M _923492 |
||
| 245 |
_aSoil mechanics laboratory manual _cDAS, Braja M |
||
| 260 |
_aNew York: _bOxford university press, _cc2002. |
||
| 300 |
_a278p.: _c28cm. |
||
| 500 | _aNUST | ||
| 526 |
_a0 _b0 _c0 _d624_151360000000000_BRA |
||
| 942 |
_2ddc _cBK |
||
| 999 |
_c548436 _d548436 |
||